000 00518cam a2200193ua 4500
001 1436
008 110805n ii |||gr||||Z||||||eng
020 _a81-7062-019-8
040 _cMAIN
082 _a320.54
100 _aed. Dutt, R. C.,
245 1 _aNational building in india :
_bsocio economic factor /
_ced. by R. C. Dutt
250 _a1st.
260 _aNew Delhi:
_bLancer international,987.
300 _a246p:
_c23cm.
653 _aPolitical Science
653 _aSocio-economics factors
942 _cBK
999 _c1326
_d1326